Welcome to the Holygrace Academy Library

Please use search bar below to get started

BRAIN GYMNASTRIES (Record no. 8457)

MARC details
000 -LEADER
fixed length control field 00148nam a22000857a 4500
082 ## - DEWEY DECIMAL CLASSIFICATION NUMBER
Classification number 001
100 ## - MAIN ENTRY--AUTHOR NAME
Personal name ZUBIR
245 ## - TITLE STATEMENT
Title BRAIN GYMNASTRIES
942 ## - ADDED ENTRY ELEMENTS (KOHA)
Koha item type Books
Holdings
Withdrawn status Lost status Collection code Home library Current library Date acquired Full call number Accession Number Koha item type
Withdrawn Damaged Item Fiction Main Library Main Library 27/03/2015 001 09728 Books
Withdrawn Damaged Item Fiction Main Library Main Library 27/03/2015 001 09729 Books